1000 Common Surnames in the Philippines - Statistics

General Stats
  • This quiz has been taken 242 times
  • The average score is 98 of 1000
Answer Stats
Incidence Letter Answer % Correct
49,551 D De La Cruz
79%
625,640 D Dela Cruz
79%
267,822 C Cruz
72%
342,402 S Santos
68%
10,242 S Sántos
68%
37,354 G Go
65%
13,993 R Rey
65%
19,981 C Co
64%
441,075 G Garcia
64%
412,750 R Reyes
61%
230.958 L Lopez
54%
10,848 M Marco
54%
375,999 R Ramos
54%
40,189 V Villa
54%
183,088 A Aquino
52%
58,470 M Martin
52%
269,820 F Fernandez
50%
143,072 R Rodriguez
49%
108,844 G Gomez
48%
184,543 R Rivera
48%
293,787 G Gonzales
46%
287,625 B Bautista
45%
143,359 M Martinez
45%
372,402 M Mendoza
45%
220,113 P Perez
44%
162,886 S Sanchez
44%
23,341 A Ang
43%
135,744 H Hernandez
43%
30,075 M Marcos
43%
162,353 T Torres
42%
173,686 C Castro
41%
136,449 D Diaz
41%
13,052 M Mora
41%
78,451 P Padilla
41%
11,819 A Aba
40%
98,106 A Alvarez
40%
156,537 D De Leon
40%
312,187 F Flores
40%
123,290 T Tan
40%
132,416 V Valdez
40%
14,118 V Valle
39%
147,352 D Domingo
38%
103,352 G Gutierrez
38%
25,780 J Juan
38%
28,038 S Sy
38%
55,679 B Bernardo
37%
17,842 D Dy
37%
96,874 L Lim
37%
14,229 M Moral
37%
129,957 M Morales
37%
140,475 S Santiago
37%
277,730 V Villanueva
37%
21,698 D De Los Santos
36%
139,229 D Delos Santos
36%
22,157 A Arroyo
35%
94,245 M Marquez
35%
11,076 M Monte
35%
45,585 J Jose
34%
25,098 L Lee
34%
131,829 R Ramirez
34%
20,307 A Aguila
33%
58,636 E Estrada
33%
111,336 M Manalo
33%
12,693 N Nava
33%
21,176 S Sotto
33%
19,266 A Aguinaldo
32%
10,397 A Alon
32%
14,700 S Salva
32%
33,066 V Villar
32%
18,144 D De Los Reyes
31%
94,452 D Delos Reyes
31%
113,992 N Navarro
31%
211,405 C Castillo
30%
53,100 R Roxas
30%
92,386 A Antonio
29%
24,837 C Chan
29%
249,319 D De Guzman
29%
207,840 F Francisco
29%
125,314 M Mercado
29%
103,117 S Salvador
29%
30,141 V Velasquez
29%
27,732 Y Yu
29%
57,346 Z Zamora
29%
121,635 A Aguilar
28%
75,211 A Angeles
28%
92,601 C Cortez
28%
17,186 S Soria
28%
12,392 B Buena
27%
85,552 E Enriquez
27%
67,426 G Gonzaga
27%
53,342 N Nuñez
27%
24,763 R Rosal
27%
57,177 A Abad
26%
45,724 A Andres
26%
65,323 C Chavez
26%
106,507 D Dizon
26%
104,515 J Javier
26%
49,801 L Luna
26%
43,368 M Mendez
26%
40,866 M Miguel
26%
50,812 S Suarez
26%
50,462 A Ali
25%
34,029 C Carlos
25%
100,641 D David
25%
25,005 D Dominguez
25%
54,920 F Fernando
25%
16,764 M Macapagal
25%
57,008 M Moreno
25%
81,319 P Pascua
25%
28,014 P Peña
25%
21,990 R Rodrigo
25%
89,334 R Rosales
25%
82,799 A Alcantara
24%
30,054 A Alonzo
24%
25,477 B Bonifacio
24%
11,584 P Pedro
24%
38,383 R Rosario
24%
140,203 S Soriano
24%
79,036 V Valencia
24%
42,958 V Vasquez
24%
51,330 C Chua
23%
26,854 C Cortes
23%
47,256 D Dela Rosa
23%
98,478 F Ferrer
23%
71,799 F Fuentes
23%
35,997 P Pablo
23%
97,168 P Pascual
23%
34,874 S San Juan
23%
133,010 T Tolentino
23%
93,181 J Jimenez
22%
88,253 M Manuel
22%
39.65 O Ong
22%
57,842 O Ortiz
22%
51,881 P Pangilinan
22%
19,525 A Alberto
21%
53,986 D De Castro
21%
79,480 D De Jesus
21%
79,318 D Dela Peña
21%
105,210 D Del Rosario
21%
35,693 G Guzman
21%
86,485 M Mariano
21%
64,941 M Medina
21%
9,790 M Mira
21%
83,890 O Ocampo
21%
66,509 O Ortega
21%
79,797 R Romero
21%
52,494 R Ruiz
21%
99,921 S Salazar
21%
41,278 S Silva
21%
47,832 U Uy
21%
60,126 A Arellano
20%
34,705 B Bueno
20%
74,743 E Espiritu
20%
31,612 Q Quinto
20%
18,975 S San Pedro
20%
19,421 V Vega
20%
101,375 V Velasco
20%
89,734 A Agustin
19%
55,285 C Concepcion
19%
21,390 F Felipe
19%
21,059 M Madrid
19%
44,052 M Mateo
19%
65,980 M Molina
19%
23,996 S San Jose
19%
46,928 A Abella
18%
33,836 A Aguirre
18%
31,395 A Alfonso
18%
19,068 B Burgos
18%
38,203 D Delgado
18%
35,609 G Guerrero
18%
21,316 M Montes
18%
46,021 R Roque
18%
24,109 S Solomon
18%
37,703 Y Yap
18%
41,876 A Abdul
17%
25,331 A Alejandro
17%
59,769 A Atienza
17%
104026 C Corpuz
17%
50,022 D Dela Torre
17%
80,899 D De Vera
17%
23,857 E Espino
17%
86,054 E Evangelista
17%
30,453 F Franco
17%
41,469 H Herrera
17%
71,469 L Legaspi
17%
101,258 M Miranda
17%
23,988 P Pangan
17%
53,859 P Panganiban
17%
13,622 Q Quizon
17%
15,353 R Revilla
17%
98,088 S Sarmiento
17%
57,666 T Trinidad
17%
31,244 U Umali
17%
69,376 V Vargas
17%
9,740 W Wong
17%
29,509 G Geronimo
16%
25,078 L Lucas
16%
38,719 M Manzano
16%
40,385 E Estrella
15%
21,470 H Hilario
15%
42,419 L Lorenzo
15%
85,581 P Pineda
15%
38,640 P Ponce
15%
16,635 S Santa Maria
15%
25,258 S Sebastian
15%
57,841 S Sison
15%
23,894 A Alba
14%
57,251 A Asuncion
14%
40,064 B Bartolome
14%
65,211 B Briones
14%
14,763 D Diego
14%
40,849 G Gamboa
14%
11,034 M Mabini
14%
25,389 R Rojas
14%
23,946 R Romano
14%
66,516 S Samson
14%
65,615 S Serrano
14%
45,427 S Sevilla
14%
16,918 S Simon
14%
42,080 T Toledo
14%
27,826 T Tomas
14%
31,719 A Abalos
13%
13,402 A Aban
13%
58,146 A Acosta
13%
14,620 A Amor
13%
20,398 A Andal
13%
11,811 A Arce
13%
21,229 B Belen
13%
28,764 B Benitez
13%
34,651 B Blanco
13%
69,376 C Cabrera
13%
71,378 C Cañete
13%
14,422 C Cayetano
13%
66,738 E Espinosa
13%
37,013 E Esteban
13%
44,247 G Gabriel
13%
10,103 J Juarez
13%
14,905 L Leonardo
13%
31,564 M Montero
13%
14,341 R Real
13%
11,904 R Rivero
13%
11,425 R Roble
13%
55,333 R Robles
13%
25,044 S Sali
13%
18,529 S Salonga
13%
60,536 T Tamayo
13%
57,007 V Valenzuela
13%
78,696 V Vergara
13%
13,986 V Victoria
13%
56,065 V Villamor
13%
12,697 A Amar
12%
50,242 A Austria
12%
28,272 B Ballesteros
12%
36,220 B Baltazar
12%
24,621 B Basa
12%
26,459 B Bello
12%
32,343 G Guillermo
12%
36,977 I Ilagan
12%
27,881 J Jacinto
12%
62,019 P Palma
12%
70724 P Peralta
12%
27,845 S Salas
12%
42,475 V Ventura
12%
51,780 V Vicente
12%
59,007 V Villegas
12%
12,171 A Abbas
11%
16,757 B Barcelona
11%
21,937 B Bravo
11%
14,120 C Campo
11%
12,338 D Daniel
11%
26,730 D De Luna
11%
67,984 F Fajardo
11%
16,496 F Felix
11%
54,648 G Gregorio
11%
66,600 G Guevarra
11%
78,036 I Ignacio
11%
18,079 J Jacob
11%
17,381 M Mayo
11%
22,279 M Muñoz
11%
35,272 P Padua
11%
25,556 Q Quiambao
11%
19,052 R Recto
11%
10,251 S Soberano
11%
19,504 A Abas
10%
17,112 A Araneta
10%
21,086 B Bernardino
10%
54,323 B Borja
10%
28,395 B Buenaventura
10%
30,256 C Calderon
10%
20,786 C Cano
10%
37,920 C Cariño
10%
36,507 C Carreon
10%
15,832 C Catacutan
10%
29,718 C Cinco
10%
31,048 C Constantino
10%
22,680 D De Mesa
10%
46,068 E Esguerra
10%
41,892 G Galvez
10%
17,270 G Gatchalian
10%
16,848 H Hidalgo
10%
38,713 I Ibañez
10%
13,367 I Ibarra
10%
18,156 J Julian
10%
26,182 L Lacson
10%
29,993 L Lazaro
10%
39,403 L Lucero
10%
41,706 M Marasigan
10%
38,642 M Marcelo
10%
41,775 N Natividad
10%
48,920 P Pepito
10%
23,784 P Pilapil
10%
22,564 P Pimentel
10%
23,826 R Raymundo
10%
13,298 R Rosas
10%
32,841 S Sabado
10%
12,907 S San Diego
10%
17,751 S Solano
10%
47,905 S Solis
10%
36,543 T Tuazon
10%
19,051 V Villafuerte
10%
25,685 V Villareal
10%
43,852 Y Ybañez
10%
10,705 A Abdulla
9%
21,054 A Alarcon
9%
42,521 A Ancheta
9%
23,606 A Aragon
9%
10,138 B Bato
9%
26,648 B Borromeo
9%
33,361 B Bustamante
9%
18,282 C Cabahug
9%
29,254 C Crisostomo
9%
32,365 C Cristobal
9%
26,467 D Del Mundo
9%
47,019 D Duran
9%
12,793 E Escobar
9%
25,109 E Espina
9%
26,854 F Feliciano
9%
53,753 G Galang
9%
16,754 I Isidro
9%
13,784 J Joaquin
9%
21,936 L Lara
9%
10,503 M Manaloto
9%
17,009 M Montaño
9%
13,329 N Naval
9%
43,386 N Nicolas
9%
15,814 P Palacio
9%
16,218 P Pastor
9%
17,810 R Rivas
9%
18,358 R Roa
9%
17,685 R Rojo
9%
40,015 S Sales
9%
26,145 S Salinas
9%
12,729 S Salvacion
9%
22,492 S Santa Ana
9%
31,773 S Santillan
9%
13,768 T Tagalog
9%
12,151 V Villas
9%
10,202 A Abellana
8%
10,412 A Abo
8%
22,875 A Alvarado
8%
13,047 A Ando
8%
50,517 A Avila
8%
22,643 B Basco
8%
24,608 B Basilio
8%
18,026 B Benito
8%
33,538 B Bernal
8%
31,069 C Campos
8%
37,937 C Canlas
8%
23,189 C Castañeda
8%
14,092 C Cuenca
8%
19,564 D De Ocampo
8%
14,771 G Gallo
8%
19,039 I Imperial
8%
16,396 I Infante
8%
14,714 J Jordan
8%
20,301 L Lao
8%
56,900 M Mallari
8%
29,808 M Mata
8%
15,913 M Mesa
8%
25,534 M Mohammad
8%
20,232 M Montemayor
8%
25,509 O Oliva
8%
31,833 O Oliveros
8%
10,005 P Palo
8%
23,028 P Paras
8%
10,846 P Pino
8%
12,844 R Rama
8%
16,606 R Razon
8%
29,083 R Rico
8%
29,492 R Rubio
8%
14,266 S Singson
8%
14,722 S Soliman
8%
16,458 T Teodoro
8%
25,642 T Teves
8%
11,195 T Tiu
8%
17,927 V Valerio
8%
27,858 V Vidal
8%
29,474 V Viray
8%
10,395 V Vista
8%
11,926 A Abello
7%
33,954 A Andaya
7%
14,948 A Arenas
7%
33,260 A Arevalo
7%
33,744 B Baguio
7%
10,608 B Bayot
7%
44,328 B Beltran
7%
11,303 B Bolivar
7%
10,819 B Brillantes
7%
56,291 C Caballero
7%
20,927 C Casas
7%
24,320 C Castor
7%
34,130 C Cuevas
7%
27,666 D De Asis
7%
20,273 D De Chavez
7%
21,917 D Dela Cerna
7%
18,165 D Dela Vega
7%
11,180 D Del Castillo
7%
18,536 D De Villa
7%
10,209 E Español
7%
38,418 G Gallardo
7%
13,925 G Granada
7%
16,031 H Hermoso
7%
21,770 J Junio
7%
27,260 L Ledesma
7%
50,242 M Magno
7%
26,377 M Manansala
7%
27,782 M Matias
7%
17,493 M Mendiola
7%
18,089 P Pancho
7%
24,425 P Plaza
7%
32,576 R Ronquillo
7%
13,206 V Valera
7%
39,289 A Abdullah
6%
14,446 A Adam
6%
13,243 A Adolfo
6%
20,668 A Advincula
6%
13,829 A Almario
6%
9,969 A Amador
6%
13,578 A Apolinario
6%
23,904 A Arcilla
6%
27,281 A Asis
6%
9,783 A Avelino
6%
16,723 B Bacalso
6%
17,966 B Bacus
6%
13,813 B Balingit
6%
26,034 B Barrientos
6%
12,257 B Bayani
6%
30,976 B Baylon
6%
14,441 B Belmonte
6%
16,228 B Benedicto
6%
20,083 B Bermudez
6%
26,283 B Bondoc
6%
15,085 C Cabral
6%
15,683 C Candelaria
6%
20,166 C Carillo
6%
36,508 C Carpio
6%
14,454 C Catapang
6%
24,773 C Cayabyab
6%
33,562 C Cervantes
6%
25,976 C Conde
6%
42,086 C Cordero
6%
23,732 C Cuizon
6%
43,331 C Cunanan
6%
12,433 D De Dios
6%
14,241 D Dela Paz
6%
24,292 D Dionisio
6%
16,316 D Duque
6%
13,441 E Estrera
6%
14,405 F Florentino
6%
21,303 G Gaspar
6%
11,343 G Grande
6%
10,023 G Guerra
6%
23,272 G Guinto
6%
32,663 L Labrador
6%
33,914 L Lozano
6%
27,380 M Magallanes
6%
15,761 M Magnaye
6%
21,956 M Malabanan
6%
18,938 M Manabat
6%
24,934 M Mangubat
6%
10,879 M Mayor
6%
29,253 M Mejia
6%
19,370 M Meneses
6%
17,625 M Mina
6%
13,339 M Morada
6%
19,972 M Murillo
6%
21,984 N Neri
6%
22,381 P Pacheco
6%
17,800 P Paraiso
6%
21,088 P Patricio
6%
18,892 P Paz
6%
12,723 P Pelaez
6%
18,361 P Policarpio
6%
32,359 P Prado
6%
15,416 P Puno
6%
28,996 P Punzalan
6%
30,177 Q Quijano
6%
18,666 Q Quinones
6%
16,719 R Rafael
6%
16,663 R Resurreccion
6%
35,255 S Salcedo
6%
24,561 S Samonte
6%
18,791 S Sandoval
6%
9,840 S Sia
6%
20,170 S Silvestre
6%
22,679 T Tecson
6%
24,175 T Tenorio
6%
9,841 T Tupaz
6%
16,490 V Velarde
6%
12,346 V Velez
6%
24,812 V Villarin
6%
20,020 Z Zapanta
6%
12,634 Z Zulueta
6%
14,328 A Abarquez
5%
11,821 A Adlawan
5%
22,539 A Adriano
5%
10,504 A Agbayani
5%
14,853 A Alcala
5%
20,466 A Alejo
5%
12,619 A Alferez
5%
11,268 A Alim
5%
18,896 A Amante
5%
13,484 A Andales
5%
18,439 A Andrada
5%
10,306 A Antolin
5%
10,522 B Bacolod
5%
10,931 B Barba
5%
20,905 B Barrios
5%
28,580 B Bernabe
5%
15,508 B Borres
5%
16,306 C Caballes
5%
14,303 C Cadiz
5%
13,123 C Caro
5%
28,175 C Clemente
5%
13,728 C Contreras
5%
18,772 D Delima
5%
19,762 D Dimaano
5%
10,320 D Divina
5%
14,071 E Eusebio
5%
18,899 F Figueroa
5%
25,250 F Frias
5%
21,791 G Galicia
5%
14,106 G Gloria
5%
22,683 H Hipolito
5%
14,586 J Jayme
5%
11,726 J Jumao-As
5%
23,937 L Lachica
5%
15,585 L Lapuz
5%
16,951 L Largo
5%
18,199 M Mama
5%
10,512 M Montenegro
5%
24,077 N Narciso
5%
22,873 O Omar
5%
11,182 O Ordoñez
5%
15,697 P Pamintuan
5%
14,357 P Papa
5%
16,036 P Pasco
5%
27,310 R Roldan
5%
10,296 R Rondina
5%
26,833 S Sayson
5%
11,382 S Suico
5%
18,754 U Urbano
5%
11,839 V Veloso
5%
21,667 V Villaruel
5%
14,191 A Abao
4%
17,378 A Acuña
4%
27,398 A Andrade
4%
21,393 A Añonuevo
4%
17,653 A Arceo
4%
15,743 A Arguelles
4%
11,001 B Balagtas
4%
17,001 B Barredo
4%
19,781 B Belarmino
4%
12,065 B Buendia
4%
14,045 B Bulan
4%
29,351 C Canoy
4%
16,594 C Capili
4%
18,313 C Capistrano
4%
25,208 C Catalan
4%
12,798 C Claro
4%
11,610 C Claveria
4%
29,506 C Cordova
4%
20,227 C Coronel
4%
39,768 C Custodio
4%
20,340 D Dalisay
4%
12,995 D Datu
4%
18,638 D Decena
4%
29,428 D Delfin
4%
17,345 D De Torres
4%
9,694 D Dolor
4%
12,380 D Doria
4%
24,090 E Española
4%
16,033 E Estacio
4%
24,344 G Gallego
4%
19,212 H Hassan
4%
12,380 I Ilao
4%
15,674 I Inocencio
4%
18,249 I Ismael
4%
12,512 K Kasim
4%
19,381 L Liwanag
4%
14,964 L Llagas
4%
35,790 L Lozada
4%
20,468 M Macaraeg
4%
54,125 M Magbanua
4%
17,666 M Magpantay
4%
10,596 M Mallorca
4%
19,489 M Manlangit
4%
10,434 M Mapa
4%
19,067 M Maranan
4%
20,576 M Marcelino
4%
9,959 M Millan
4%
11,612 M Montecillo
4%
24,263 M Musa
4%
18,085 N Nolasco
4%
10,119 P Paloma
4%
23,958 P Pelayo
4%
17,716 R Regala
4%
10,208 S Silverio
4%
20,275 S Sunga
4%
9,752 T Tiongson
4%
14,455 T Tupas
4%
40,058 U Usman
4%
20,988 V Verano
4%
12,104 V Verzosa
4%
16,327 Y Yabut
4%
9,995 Y Yambao
4%
9,786 A Amora
3%
13,146 A Amores
3%
32,043 A Apostol
3%
14,015 A Arias
3%
17,408 B Baluyot
3%
14,185 B Banaag
3%
16,814 B Barrera
3%
16,408 B Bernales
3%
16,023 B Buenaflor
3%
24,920 C Calma
3%
35,200 C Camacho
3%
10,764 C Cantos
3%
18,260 C Carandang
3%
13,903 C Celis
3%
25,880 C Collado
3%
14,630 C Comia
3%
10,046 D De Juan
3%
11,149 D Dimaculangan
3%
10,152 D Doctor
3%
18,000 D Donato
3%
14,406 D Dueñas
3%
32,068 D Dulay
3%
10,437 D Dungca
3%
17,527 E Encarnacion
3%
29,505 E Eugenio
3%
12,578 F Francia
3%
12,695 G Gerona
3%
15,418 G Guanzon
3%
11,751 I Isip
3%
16,919 L Lauron
3%
14,340 L Laxamana
3%
16,709 L Loyola
3%
46,677 M Mahinay
3%
17,267 M Mahusay
3%
30,920 M Malinao
3%
10,874 M Mohamad
3%
13,461 M Montilla
3%
14,168 M Montoya
3%
19,565 N Nepomuceno
3%
9,805 N Nieva
3%
13,798 O Olivar
3%
12,023 P Pareja
3%
16,009 P Peñaflor
3%
22,683 P Porras
3%
10,516 Q Quintana
3%
17,456 R Regalado
3%
22,456 S Sagun
3%
24,204 S Sultan
3%
16,770 V Valiente
3%
10,771 V Vallejo
3%
9,771 V Victoriano
3%
21,848 V Villaflor
3%
17,709 V Villena
3%
11,643 A Abuan
2%
12,569 A Agcaoili
2%
16,989 A Akmad
2%
12,349 A Alano
2%
13,394 A Alcaraz
2%
9,959 A Alegado
2%
19,670 A Alegre
2%
17,358 A Alfaro
2%
15,738 A Almazan
2%
13,217 A Amaro
2%
15,543 A Amil
2%
14,275 A Amparo
2%
12,599 A Aranas
2%
20,789 A Ariola
2%
11,669 A Arnaiz
2%
12,787 A Avenido
2%
10,141 A Azucena
2%
19,221 B Bacani
2%
15,449 B Balbuena
2%
10,661 B Baquiran
2%
11,366 B Barbosa
2%
13,029 B Baron
2%
14,361 B Barrameda
2%
14,847 B Bermejo
2%
19,868 B Billones
2%
15,867 B Bohol
2%
14,791 B Buenafe
2%
10,126 C Cabarles
2%
14,414 C Cacho
2%
12,470 C Canillo
2%
12,116 C Caparas
2%
9,895 C Caringal
2%
11,583 C Celeste
2%
17,550 C Centeno
2%
11,323 C Cerezo
2%
13,025 C Coronado
2%
14,556 C Cuaresma
2%
14,254 C Cueto
2%
15,770 D Dacanay
2%
12,143 D Dagohoy
2%
16,014 D Danao
2%
15,869 D Dayrit
2%
14,700 D De Guia
2%
12,913 D De Lara
2%
17,026 D Divinagracia
2%
16,367 D Dorado
2%
15,463 D Dumlao
2%
10,005 E Escala
2%
12,837 E Escalante
2%
10,907 E Espejo
2%
14,758 F Fabian
2%
16,056 F Faustino
2%
17,559 F Florendo
2%
18,043 F Fontanilla
2%
11,409 G Gallano
2%
11,591 G Galo
2%
12,587 G Galvan
2%
10,404 G Gascon
2%
12,984 G Gorospe
2%
9,681 G Guevara
2%
19,271 I Ibrahim
2%
9,988 J Jocson
2%
10,926 J Joson
2%
17,716 J Jumawan
2%
10,224 K Kusain
2%
11,145 L Labajo
2%
9,871 L Laguna
2%
22,161 L Landicho
2%
25,604 L Laurente
2%
16,031 L Lazo
2%
9,793 L Leaño
2%
10,294 M Macaraig
2%
15,672 M Macatangay
2%
18,251 M Madriaga
2%
14,458 M Maglasang
2%
11,760 M Magtibay
2%
19,699 M Mahilum
2%
14,423 M Mamaril
2%
19,391 M Manalang
2%
15,051 M Manalili
2%
15,149 M Manlapaz
2%
14,998 M Maravilla
2%
13,295 M Mariñas
2%
10,163 M Medalla
2%
23,457 M Medrano
2%
11,077 M Menor
2%
15,244 M Mijares
2%
11,389 M Miñoza
2%
12,540 M Mirasol
2%
17,405 M Mojica
2%
16,071 M Mondejar
2%
10,045 M Montalban
2%
13,700 M Montejo
2%
15,591 M Morillo
2%
16,369 N Navales
2%
14,523 N Nazareno
2%
12,860 O Olarte
2%
11,680 O Opeña
2%
17,123 O Osorio
2%
10,111 P Padillo
2%
15,814 P Pagaduan
2%
19,373 P Paglinawan
2%
10,189 P Palad
2%
11,157 P Palencia
2%
15,561 P Palmes
2%
13,697 P Palomo
2%
13,914 P Pama
2%
11,847 P Pamplona
2%
15,222 P Panaligan
2%
32,554 P Panes
2%
13,555 P Paragas
2%
17,752 P Paredes
2%
15,418 P Parreño
2%
18,358 P Pasion
2%
15,255 P Paulino
2%
15,760 P Peñaranda
2%
14,148 P Pitogo
2%
12,474 P Posadas
2%
10,099 P Prieto
2%
11,601 R Royo
2%
18,236 S Saavedra
2%
16,902 S Sabanal
2%
9,676 S Salgado
2%
14,787 S Sangalang
2%
15,552 S Sarip
2%
13,742 S Sibayan
2%
12,099 S Sicat
2%
13,479 S Silvano
2%
12,936 S Simbajon
2%
15,498 S Sulit
2%
16,996 S Sumalinog
2%
15,485 T Tadeo
2%
10,285 T Tapia
2%
9,802 T Taruc
2%
24,571 T Tejada
2%
18,028 T Tobias
2%
24,455 V Viernes
2%
10,417 V Villalobos
2%
10,384 V Villaluz
2%
15,424 V Villarosa
2%
11,577 V Villaruz
2%
17,786 V Viloria
2%
12,096 V Viñas
2%
9,879 W Wenceslao
2%
12,708 Y Yumul
2%
18,921 Z Zabala
2%
10,369 Z Zafra
2%
14,513 A Abayon
1%
16,081 A Abubakar
1%
10,078 A Acob
1%
9,818 A Agravante
1%
11,755 A Alburo
1%
15,208 A Alih
1%
12,044 A Alipio
1%
13,902 A Almonte
1%
14,037 A Ampaso
1%
14,995 A Ampuan
1%
11,353 A Arcega
1%
11,825 B Balaba
1%
9,810 B Balasabas
1%
11,033 B Balbin
1%
10,275 B Baluyut
1%
15,899 B Bantilan
1%
10,459 B Baring
1%
10,803 B Barroga
1%
15,796 B Belleza
1%
11,589 B Biñas
1%
10,418 B Bobis
1%
13,162 B Buan
1%
10,655 B Bustillo
1%
10,959 C Camba
1%
10,265 C Cañada
1%
15,264 C Cardenas
1%
19,189 C Cariaga
1%
13,071 C Castillon
1%
12,211 C Catubig
1%
11,646 C Cayanan
1%
12,878 C Ceniza
1%
11,889 C Coloma
1%
13,263 C Cornelio
1%
14,724 C Costales
1%
11,115 D Dalida
1%
13,487 D Dayao
1%
9,667 D Degamo
1%
13,330 D Diamante
1%
10,160 F Ferolino
1%
13,389 F Fronda
1%
11,608 G Gatdula
1%
13,533 G Gaviola
1%
11,746 G Gervacio
1%
12,409 G Gumban
1%
9,816 J Joven
1%
13,677 L Lagman
1%
10,381 L Layug
1%
12,237 L Llanes
1%
9,944 L Loreto
1%
10,879 M Macalalad
1%
15,479 M Magat
1%
17,945 M Magsino
1%
13,859 M Malate
1%
11,945 M Manahan
1%
15,893 M Marzan
1%
11,841 M Mauricio
1%
9,704 M Mercader
1%
12,334 N Noble
1%
10,703 P Paclibar
1%
15,464 P Padernal
1%
11,492 P Palermo
1%
10,609 P Palmares
1%
13,248 P Palomar
1%
10,921 P Paran
1%
14,919 P Parcon
1%
14,461 P Pastrana
1%
10,480 P Pedrosa
1%
14,361 P Poblete
1%
13,321 P Pulido
1%
13,216 R Rendon
1%
10,577 R Ricafort
1%
14,572 R Rosete
1%
14,085 S Salik
1%
10,717 S Segovia
1%
9,747 S Simbulan
1%
10,560 S Solaiman
1%
11,075 S Soliven
1%
10,869 S Somera
1%
15,532 S Suan
1%
12,829 T Tagle
1%
14,666 T Tayag
1%
10,961 T Tejero
1%
11,298 U Untalan
1%
9,687 U Usop
1%
9,678 V Villacorta
1%
10,941 V Villaflores
1%
9,837 Y Yuson
1%
10,346 A Abing
0%
10,642 A Abordo
0%
10,923 A Abubacar
0%
10,125 A Ambrocio
0%
11,934 A Amerol
0%
10,644 A Amper
0%
11,566 A Ayson
0%
10,386 B Badilla
0%
13,308 B Balansag
0%
13,024 B Balmes
0%
11,822 B Bañares
0%
13,251 B Bañez
0%
9,874 B Bernaldez
0%
10,434 B Borbon
0%
10,036 B Bulatao
0%
9,749 C Cabaluna
0%
10,084 C Cabasag
0%
11,196 C Cabiles
0%
11,128 C Cagas
0%
10,151 C Cajes
0%
9,724 C Camposano
0%
12,026 C Candelario
0%
11,336 C Candido
0%
9,797 C Capulong
0%
11,012 C Celestial
0%
9,896 C Credo
0%
10,877 C Cuyos
0%
10,601 D Dacillo
0%
11,812 D Daño
0%
11,619 D Daud
0%
10,344 D Dinglasan
0%
9,864 E Ebrahim
0%
12,021 E Esmael
0%
11,005 E Esmail
0%
12,420 E Estabillo
0%
10,301 E Evangelio
0%
10,606 F Formentera
0%
10,389 G Galon
0%
10,642 G Garay
0%
11,051 G Garces
0%
10,136 G Garrido
0%
11,135 G Guarin
0%
10,315 L Lanuza
0%
12,143 L Lariosa
0%
9,728 L Laureta
0%
12,698 L Leal
0%
9,959 L Lising
0%
11,880 M Maceda
0%
10,247 M Madera
0%
11,266 M Maghanoy
0%
10,859 M Malana
0%
12,046 M Manalastas
0%
11,734 M Manatad
0%
11,272 M Maquiling
0%
11,850 M Marcial
0%
10,710 M Marfil
0%
9,915 M Maturan
0%
11,352 M Mission
0%
10,895 M Monares
0%
10,021 M Morante
0%
13,018 N Nacario
0%
12,487 N Nacion
0%
11,903 N Nobleza
0%
10,494 P Paguio
0%
10,417 P Pagulayan
0%
11,278 P Pajarillo
0%
12,922 P Pantaleon
0%
12,329 P Pardillo
0%
11,678 P Parungao
0%
10,685 P Piamonte
0%
12,196 Q Quirante
0%
12,777 R Rabino
0%
11,566 R Rada
0%
12,151 S Salem
0%
12,858 S Samillano
0%
10,991 S Sampang
0%
13,208 S Sanico
0%
12,318 S Sarabia
0%
9,994 T Talib
0%
12,624 T Tampus
0%
10,647 T TIzon
0%
11,252 T Tolosa
0%
12,850 T Torio
0%
10,486 T Tumbaga
0%
10,463 U Ubaldo
0%
10,139 V Villagracia
0%
12,170 V Vinluan
0%
No matching quizzes found
Score Distribution
Percent of People with Each Score
Percentile by Number Answered
Your Score History
You have not taken this quiz